| 000 | 00457cam a2200181ua 4500 | ||
|---|---|---|---|
| 003 | OSt | ||
| 008 | 230508b |||||||| |||| 00| 0 eng d | ||
| 020 | _a9788120310032 | ||
| 041 | _aeng | ||
| 082 |
_a004.1 _bRAJ/FU |
||
| 100 |
_aRajaraman, V . _91362 |
||
| 100 |
_aNeeharika adabala _95432 |
||
| 245 | _aFundamentals of Computers / | ||
| 250 | _a6 th | ||
| 260 |
_aNew Delhi : _bPrentice Hall of India Pvt Ltd. , _c2022 |
||
| 300 | _a428 | ||
| 942 | _cBK | ||
| 999 |
_c17671 _d17671 |
||